|
|
|
|
| LEADER |
00000cam a2200000 7i4500 |
| 001 |
0000006690 |
| 002 |
000007212 |
| 005 |
20000330.0 |
| 020 |
|
|
|a 9836235604
|
| 090 |
0 |
0 |
|a 297.122
|b SYA
|
| 100 |
1 |
|
|a Syalabiy, Saad Ismail
|
| 245 |
1 |
0 |
|a Nabi Lut dan kaumnya
|c Saad Ismail Syalabiy ; penterjemah Norhayati Jusoh
|
| 260 |
|
|
|a Kuala Lumpur :
|b DBP ,
|c 1993
|
| 300 |
|
|
|a 26p. :
|b ill. ;
|c 23cm.
|
| 490 |
0 |
|
|a Siri pendidikan Al Quran untuk kanak-kanak
|
| 650 |
0 |
0 |
|a Islamic stories, Malay
|
| 700 |
1 |
|
|a Norhayati Jusoh ,
|e penterjemah
|
| 999 |
|
|
|a 039940
|b BUKU
|c PINJAMAN
|e PERPUSTAKAAN KOMUNITI PETALING JAYA
|
| 999 |
|
|
|a 039941
|b BUKU
|c PINJAMAN
|e PERPUSTAKAAN KOMUNITI PETALING JAYA
|